Estonia in Eurovision - 12 points - Statistics

General Stats
  • This quiz has been taken 38 times
    26 since last reset
  • The average score is 57 of 62
Answer Stats
Hint Answer % Correct
2006 SF Finland
100%
2006 Finland
100%
2008 SF Finland
100%
2018 SF (Televote) Finland
100%
2019 SF (Televote) Finland
100%
2021 (Televote) Finland
100%
2022 SF (Televote) Finland
100%
2023 (Televote) Finland
100%
2000 Latvia
100%
2002 Latvia
100%
2007 SF Latvia
100%
2003 Russia
100%
2007 Russia
100%
2008 Russia
100%
2010 SF Russia
100%
2013 Russia
100%
2015 Russia
100%
2016 SF (Televote) Russia
100%
2016 (Televote) Russia
100%
2019 (Televote) Russia
100%
1996 QR Sweden
100%
1998 Sweden
100%
1999 Sweden
100%
2011 SF Sweden
100%
2011 Sweden
100%
2012 SF Sweden
100%
2012 Sweden
100%
2016 (Jury) Sweden
100%
2019 (Jury) Sweden
100%
2022 SF (Jury) Sweden
100%
2022 (Jury) Sweden
100%
2023 (Jury) Sweden
100%
2001 Denmark
96%
2013 SF Denmark
96%
2010 Germany
96%
2009 SF Norway
96%
2009 Norway
96%
2004 SF Ukraine
96%
2004 Ukraine
96%
2022 (Televote) Ukraine
96%
2018 (Televote) Lithuania
91%
2014 SF Netherlands
91%
2014 Netherlands
91%
2016 SF (Jury) Netherlands
91%
2018 SF (Jury) Austria
87%
2018 (Jury) Austria
87%
1997 France
87%
1996 Ireland
87%
2023 SF (Televote) Australia
83%
1994 Poland
83%
2017 SF (Jury) Bulgaria
78%
2017 (Jury) Bulgaria
78%
2005 SF Switzerland
78%
2005 Switzerland
78%
2021 SF (Jury) Switzerland
78%
2021 (Jury) Switzerland
78%
2017 (Televote) Belgium
74%
KZM (1993 QR) Hungary
70%
2015 SF Hungary
70%
2017 SF (Televote) Romania
65%
2019 SF (Jury) Czech Republic
61%
2021 SF (Televote) Moldova
61%
No matching quizzes found
Score Distribution
Percent of People with Each Score
Percentile by Number Answered
Your Score History
You have not taken this quiz since the last reset